00294nam a2200121Ia 4500008004100000082002100041100001200062245003500074250000800109260002600117300001000143650001900153150201s2007 xx 000 0 und d a617.0707bO2007N aNEVILLE aORAL & MAXILLOFACIAL PATHOLOGY a2ND bELSEVIERaDELHIc2007 a1-843 aORAL PATHOLOGY